Human resource management / (Record no. 12174)

MARC details
000 -LEADER
fixed length control field 00587cam a22002052 4500
001 - CONTROL NUMBER
control field 0000021267
005 - DATE AND TIME OF LATEST TRANSACTION
control field 20151217155231.0
008 - FIXED-LENGTH DATA ELEMENTS--GENERAL INFORMATION
fixed length control field 120307s xx 000 0 eng d
020 ## - INTERNATIONAL STANDARD BOOK NUMBER
International Standard Book Number 8180546013 :
040 ## - CATALOGING SOURCE
Original cataloging agency KABU
Transcribing agency KABU
100 1# - MAIN ENTRY--PERSONAL NAME
Personal name Gupta, C. B.
-- 0000149876
245 10 - TITLE STATEMENT
Title Human resource management /
Statement of responsibility, etc. C. B. Gupta.
250 ## - EDITION STATEMENT
Edition statement 11th ed.
260 ## - PUBLICATION, DISTRIBUTION, ETC. (IMPRINT)
Place of publication, distribution, etc. New Delhi :
Name of publisher, distributor, etc. S. Chand,
Date of publication, distribution, etc. 2009.
300 ## - PHYSICAL DESCRIPTION
Extent 1 v. (various paging.
650 #0 - SUBJECT ADDED ENTRY--TOPICAL TERM
Topical term or geographic name as entry element Personnel management.
-- 0000150761
852 1# - LOCATION
-- p4980 KES
908 ## - PUT COMMAND PARAMETER (RLIN)
Put command parameter 120307
950 ## - LOCAL HOLDINGS (RLIN)
-- 1
Holdings
Withdrawn status Lost status Source of classification or shelving scheme Not for loan Home library Current library Date acquired Total Checkouts Total Renewals Full call number Barcode Date last seen Date last checked out Price effective from Koha item type
    Library of Congress Classification   Kabarak, Main Campus Kabarak, Main Campus 17/12/2015 29 6 HF5549 .G87 2009 c. 1 20638 02/08/2024 29/11/2021 17/12/2015 General Collection
Designed with assistance from East African Informatics Ltd